| Tag |
First Indicator |
Second Indicator |
Subfields |
| LEADER |
00000cam a2200000 4500 |
| 001 |
in00001925398 |
| 006 |
m | d | |
| 007 |
cr |n||||||||n |
| 008 |
800225s1751 enk|||| s 00| ||eng d |
| 005 |
20260414185946.5 |
| 035 |
|
|
|a (CStRLIN)ESTCT96105
|
| 040 |
|
|
|a Uk-ES
|c Uk-ES
|d CStRLIN
|d Thomson Gale
|d UtOrBLW
|
| 100 |
1 |
|
|a Mason, John,
|d 1706-1763.
|
| 245 |
1 |
3 |
|a An essay on elocution :
|b or, pronunciation. Intended chiefly for the assistance of those who instruct others in the art of reading. And of those who are often called to speak in publick. By John Mason, A.M.
|
| 250 |
|
|
|a The third edition.
|
| 264 |
|
3 |
|a London :
|b printed for R. Hett; J. Buckland; J. Waugh; and M. Cooper,
|c 1751.
|
| 300 |
|
|
|a 43, 1 unnumbered page ;
|c 8⁰.
|
| 336 |
|
|
|a text
|b txt
|2 rdacontent
|
| 337 |
|
|
|a computer
|b c
|2 rdamedia
|
| 338 |
|
|
|a online resource
|b cr
|2 rdacarrier
|
| 500 |
|
|
|a Reproduction of original from the British Library.
|
| 510 |
4 |
|
|a English Short Title Catalog,
|c ESTCT96105.
|
| 533 |
|
|
|a Electronic reproduction.
|b Farmington Hills, Mich. :
|c Thomson Gale,
|d 2003.
|n Available via the World Wide Web.
|n Access limited by licensing agreements
|7 s2003 miunns
|
| 500 |
|
|
|a Electronic resource.
|
| 850 |
|
|
|r B
|l BRu
|j Restricted HFb
|z Bound with: Mason's An essay on the power of numbers (1749) and his An essay on the power and harmony of prosaic numbers (1749)
|
| 830 |
|
0 |
|a Eighteenth century collections online.
|
| 856 |
4 |
0 |
|u http://proxy.library.tamu.edu/login?url=https://galenet.galegroup.com/servlet/ECCO?c=1&stp=Author&ste=11&af=BN&ae=T096105&tiPG=1&dd=0&dc=flc&docNum=CW116109368&vrsn=1.0&srchtp=a&d4=0.33&n=10&SU=0LRK&locID=txshracd2898
|z Full text online
|t 0
|
| 999 |
|
|
|a MARS
|
| 999 |
f |
f |
|s c53631ed-d0ae-393d-be26-73f5fdc76623
|i b0645bf9-3351-333a-8ddc-d97972df724f
|t 0
|
| 952 |
f |
f |
|a Texas A&M University
|b College Station
|c Electronic Resources
|s www_evans
|d Available Online
|t 0
|h No information provided
|
| 998 |
f |
f |
|t 0
|l Available Online
|